000 00903nam a22002537a 4500
999 _c6684
_d6684
003 AR-CdUCM
008 190319b ||||| |||| 00| 0 spa d
020 _a84-205-0550-1
040 _aMUNICIPALIDAD PROVINCIAL DEL CUSCO
_cBIBLIOTECA MUNICIPAL DEL CUSCO
082 _a574 /
_bV62
100 _aVicente Cordoba, C
_918801
245 _aFisiología de las Sustancias Liquénicas /
260 _aMadrid:
_bAlhambra,
_c1975.
300 _a162 paginas ;
_bGraficos, tablas, dibujos,
_c20cm.
440 _aExedra - Ciencia tecnica ingenieria
_918802
505 _aContenido: Sustancias liquenicas -- aislamiento -- biosintesis -- papel fisiologico de sustancias liquenicas.
650 _aBiologia
_9881
650 _aCiencias de la vida
_918803
650 _aLiquenicas
_918804
650 _aLibros de Ayuda
_918805
700 _aOrtiz de Vega, Eugenio
_918806
942 _2ddc
_cLIBROS
945 _apjha